TEXTBOOK OF FIELD CROPS PRODUCTION- COMMERCIAL CROPS (VOL-2) (Record no. 5637)

MARC details
000 -LEADER
fixed length control field 00409nam a22001577a 4500
005 - DATE AND TIME OF LATEST TRANSACTION
control field 20171025122935.0
008 - FIXED-LENGTH DATA ELEMENTS--GENERAL INFORMATION
fixed length control field 171025b xxu||||| |||| 00| 0 eng d
020 ## - INTERNATIONAL STANDARD BOOK NUMBER
ISBN 978-81-7164-146-8
041 ## - LANGUAGE CODE
Language code of text/sound track or separate title eng
082 ## - DEWEY DECIMAL CLASSIFICATION NUMBER
Classification number 633
100 ## - MAIN ENTRY--AUTHOR NAME
Personal name PRASAD , DR. RAJENDRA
245 ## - TITLE STATEMENT
Title TEXTBOOK OF FIELD CROPS PRODUCTION- COMMERCIAL CROPS (VOL-2)
260 ## - PUBLICATION, DISTRIBUTION, ETC. (IMPRINT)
Place of publication NEW DELHI
Name of publisher ICAR
Year of publication 2014
300 ## - PHYSICAL DESCRIPTION
Number of Pages 612p.
942 ## - ADDED ENTRY ELEMENTS (KOHA)
Koha item type Books
Holdings
Lost status Damaged status Collection code Home library Current library Shelving location Date acquired Source of acquisition Cost, normal purchase price Full call number Accession Number Koha item type
    Reference JRU Library JRU Library SHELF-44-B 25/10/2017 PURCHESS 800.00 633 22200 Books
    AGRICULTURE JRU Library JRU Library SHELF-44-B 25/10/2017 PURCHESS 800.00 633 22201 Books
    AGRICULTURE JRU Library JRU Library SHELF-44-B 25/10/2017 PURCHESS 800.00 633 22202 Books
    AGRICULTURE JRU Library JRU Library SHELF-44-B 25/10/2017 PURCHESS 800.00 633 22203 Books
    AGRICULTURE JRU Library JRU Library SHELF-44-B 25/10/2017 PURCHESS 800.00 633 22204 Books